00975nam a22002537a 4500003000900000005001700009008003700026020001800063040002300081082002600104100001700130245007700147260005600224300002700280500007000307590002600377650004300403650004900446651004900495910002300544942001200567952012500579999001700704DO-SdBNP20230215112941.0210409b2013 dr ||0| 0 spa d a9879993439653 aBPMSUbSpa cBPMSU aR461 bA325n 20132221 aAIba,Orlando10aNombres propios de persona en la República Dominicana /cOrlando Alba  aSanto Domingo :bLibrería la Trinitaria, c2013. a184 p.,bil. ;c22 cm. aIncluye datos biográfico del autor en la solapa de la cubierta  ainventariado, 2021/MC 4aNombres propiosxEspañol vManuales  4aToponimiaxHistoria zRepública Dominicana 4aRepública Dominicana xNombres personales  aMCabrera/VMateo V. 2ddccBK 00102ddc4070aBPMETbBPMETd2021-04-09eCompraoBPMSU CDR R461 A325n 2013pBPMSU21040003r2021-04-09w2021-04-09yBK c13412d13412